00315nam a22000977a 4500020001800000082001700018245007400035260004900109300002100158880003800179 a9787108029522 a895.108bZHA aDialogue, the Age of Enlightenment (Chinese Edition) /cZhang Xu Dong aBeijing :blife SDX Joint Publishing,c2008. a213 p. ;c20 cm. 6245-02\ra对话,启蒙时代 /